| 000 | 00740cam a22002173a 4500 | ||
|---|---|---|---|
| 001 | 39996 | ||
| 003 | PGUSA | ||
| 005 | 20140828083906.0 | ||
| 008 | 120614s2012||||xxu|||||s|||||000 | eng d | ||
| 040 |
_aPGUSA _beng |
||
| 042 | _adc | ||
| 100 | 1 |
_aLanzi, Luigi Antonio, _d1732-1810 |
|
| 245 | 1 | 4 |
_aThe History of Painting in Italy, Vol. V (of 6) : _bfrom the Period of the Revival of the Fine Arts to the End of the Eighteenth Century _h[electronic resource] / _cLuigi Antonio Lanzi |
| 260 |
_bProject Gutenberg, _c2012 |
||
| 506 | _aPublic domain in the USA. | ||
| 516 | _aElectronic text | ||
| 700 | 1 |
_aRoscoe, Thomas, _d1791-1871 |
|
| 830 | 0 |
_aProject Gutenberg _v39996 |
|
| 856 | 4 | 0 | _uhttp://www.gutenberg.org/ebooks/39996 |
| 942 | _cEB | ||
| 999 |
_c269249 _d269249 |
||